| 000 | 00762nam a22002297a 4500 | ||
|---|---|---|---|
| 003 | UA-OsUOA | ||
| 001 | 71386 | ||
| 007 | ta | ||
| 008 | 20101022b un ||||| |||| 00| 0 ukr d | ||
| 090 |
_a745/749(477) _bМ89 |
||
| 942 | _cBK | ||
| 040 |
_aUA-OsUOA _bukr _cUA-OsUOA _dUA-OsUOA |
||
| 245 |
_aМузей українського народного декоративного мистецтва _cПрибєга Н. Д., Вялець А. Ф. |
||
| 300 | _a351 с. | ||
| 955 | _a2 | ||
| 041 | _aukr | ||
| 080 | _a745/749(477) | ||
| 020 | _a978-966-577-039-8 | ||
| 260 |
_aК. _bМистецтво _c2009 |
||
| 650 | 7 |
_a745/749 Декоративно-прикладне мистецтво. Художні промисли. Дизайн _2UDC |
|
| 999 |
_c357665 _d357665 |
||